|
|
|
|
| LEADER |
00000nam a2200000 a 4500 |
| 001 |
vtls001322423 |
| 003 |
SK-MaSNL |
| 005 |
20260301005447.0 |
| 008 |
210928s1990 xr 0 cze |
| 035 |
|
|
|a SNK000275103
|
| 040 |
|
|
|a SNK
|b slo
|c SNK
|e AACR2
|
| 041 |
0 |
|
|a cze
|
| 044 |
|
|
|a CZ
|
| 080 |
|
|
|a 820(73)-94=850
|2 1981
|
| 080 |
|
|
|a 929 Eareckson, J.
|2 1981
|
| 100 |
1 |
|
|a Tada, Joni Eareckson,
|d 1949-
|4 aut
|9 103039
|
| 245 |
1 |
|
|a Joni
|c Joni Eareckson ; přel. Stanislav Švec
|
| 250 |
|
|
|a 2. vyd.
|
| 260 |
|
|
|a Praha
|b ÚCN
|c 1990
|
| 300 |
|
|
|a 156, [1] s.
|c 8°
|
| 500 |
|
|
|a Vyd. Ústředí bratrské jednoty baptistů. Praha
|
| 600 |
1 |
7 |
|a Tada, Joni Eareckson,
|d 1949-
|2 SNK
|9 103039
|
| 655 |
|
7 |
|a autobiografické spomienky
|2 SNKPH
|9 70489
|
| 958 |
|
|
|a RK
|
| 958 |
|
|
|a OND
|
| 999 |
|
|
|c 545239
|d 547169
|
| 952 |
|
|
|a SNK
|b SNK
|y VYP
|7 0
|p 17A1317237
|o snkID 90148
|i snkKIP 2687/90
|0 0
|1 0
|4 0
|d 1998-02-26
|l 0
|r 2005-01-02 00:00:00
|w 2026-02-23
|
| 952 |
|
|
|t P60, <04>, [BOOK], {604}
|a SNK
|b SNK
|y VYP
|7 0
|o snkID 90148 D1
|i snkKIP 2688/90
|0 0
|1 0
|4 0
|d 1998-02-26
|l 0
|r 2005-01-02 00:00:00
|w 2026-02-23
|